000 00351 a2200157 4500
001 50183
020 _a8572082395
040 _cAnchieta - Bela Vista
100 _aMachado, Ana Maria
240 1 0 _aFiz voar o meu chapéu
_lpor
245 1 0 _aFiz voar o meu chapéu
300 _a23
362 0 _a1999
650 4 _aLiteratura infantil
942 _cBK
999 _c50183
_d50183